000 00609nam a22002177a 4500
001 00028459
005 20260305135411.0
008 260305b ag ||||| |||| 00| 0 spa d
020 _a9789505577026
040 _aAR-CcCEOS
_bspa
_cAR-CcCEOS
041 _aspa
080 _a316
090 _bROU
100 1 _aRoudinesco, Elisabeth,
_d1944-
_9761
245 _aFilósofos en la tormenta /
_cÉlisabeth Roudinesco
250 _a1ª ed., 1ª reip.
260 _aBuenos Aires :
_bFondo de Cultura Económica,
_c2009.
300 _a224 p. ;
_c21x14 cm.
650 0 _afilosofía
_9153
942 _2udc
_cBK
_n0
999 _c28485
_d28485